03173cam a22003854i 4500003000900000005001700009008004100026035002000067040003300087100003700120245021300157264001000370300004000380336002100420337002500441338002300466502005900489504002400548520205400572526001002626526001002636526000902646526000902655526000902664526000902673526000902682526000902691526000902700526000802709526000802717526000802725526000802733526000802741650003802749PE-LiUPU20250731165440.0160610s2011 pe a grm 000 0 spa d a(Sirsi) a157183 aPE-LiUPUbspacPE-LiUPUerda1 aChávez Pretel, Lisette,eautor1 aPropuesta de mejora para los procesos de Gestión de Clientes a través de la herramienta SugarCRM basado en la Gestión de la relación con el cliente en la Empresa CARYDER SAC /CLisette Chávez Prete. 0c2011. a100 hojas : bilustraciones;c30 cm atext2rdacontent aunmediated2rdamedia avolume2rdacarrier aTesisb(Lic.) -- cUniversidad Peruana Unión,d2011. aIncluye referencias3 aLa metodología C.R.M. (Gestión de la Relación con los Clientes, por sus siglas en inglés) va cobrando más adeptos entre las empresas, convirtiéndose en los últimos años en tema de obligada discusión y análisis al interior de las organizaciones que viven de "crear" clientes, "mantenerlos" y lograr la máxima "rentabilidad" en su relación con ellos. Ante los cambios actuales del entorno económico y la revolución de la información, a la cual tiene acceso el cliente, es necesario que las organizaciones pasen de un enfoque centrado en el manejo de producto a un esquema de focalización en el cliente. La necesidad de conocer y comprender al cliente es uno de los valores a los que aspiran las organizaciones. Conociendo al cliente, se pueden planificar aquellas tareas necesarias para reforzar su confianza en la organización y adquirir un compromiso que permita una relación de negocio favorable. Las empresas buscan facilidades para analizar volúmenes de datos para poder tomar decisiones de forma inteligente. A través de este documento deseamos brindar un marco de análisis y una herramienta para lograr generar una primera visión de cómo encontrar el camino de ubicar al cliente como el centro y eje dl movimiento de su organización. El Sugar CRM es una herramienta de CRM que se basa en una aplicación compuesta de scripts escritos en lenguaje PHP, un servidor de aplicaciones Apache para dar servicio a los clientes Web de los usuarios con el fin de restringir el acceso al personal ajeno a la organización. Finalmente, los administradores se encargarán de la gestión de los usuarios y el mantenimiento del sistema (especialmente del de la base de datos). Así mismo los usuarios serán los que manipularán el sistema de acuerdo a la necesidad que se requiera. Con esta herramienta la empresa CARYDER SAC podrá manejar la información de sus clientes de manera organizada automatizando así sus procesos que se relacionan tanto directos como indirectamente con esta herramienta. aSEG44 aSEG26 aP151 aP150 aP149 aP146 aP145 aP126 aP125 aP92 aP75 aP74 aP27 aP1504aGestión de clientesxMarketing.